| 000 | 00592cam a2200193 i 4500 | ||
|---|---|---|---|
| 005 | 20260205112405.0 | ||
| 008 | 250721s2015 jo gr 000 f ara d | ||
| 020 | _a9789187373244 | ||
| 082 | 1 | 4 |
_aق _bب د ر |
| 100 | 1 |
_aبدر، علي _eمؤلف. |
|
| 245 | 1 | 0 |
_aشتاء العائلة / _cعلي بدر. |
| 250 | _aالطبعة الأولى. | ||
| 264 | 3 | 1 |
_aعمان : _bدار نون للنشر، _c2015. |
| 300 | _a143 صفحة. | ||
| 650 | 1 | 7 | _aالروايات العربية. |
| 650 | 1 | 7 | _aالأدب العربي. |
| 942 |
_2ddc _cBK |
||
| 999 |
_c134056 _d134056 |
||